00882nam a2200229 a 450000100100000000500170001000800410002704000250006808200190009310000310011224500680014326000570021130000210026850000410028950000600033050000470039065000340043765000320047104900090050395201230051299900170063500002185120260323094208.0100913s1964 it r 000 0 ita d aDO-SdBNPbspacBNPHU a345.04bCh532r1 aChiaraviglio, Luigi94537013aLe responsabilità penali nelle aziende /cLuigi Chiaraviglio. aMilano, Italia :bDott. A. Giuffré editore,c1964. a483 p. ;c24 cm. aIncluye bibliografía p. [433-444]. aIncluye leyes especiales que se mencionan p. [445-451]. aIncluye índice analítico-Alfabético. 0aResponsabilidad penal 931081 0aResponsabildad legal931082 aBNGR 001054708MOaGRbGRcCTd2010-09-13iLF1l0o345.04 Ch532rp21851-10r2020-06-25w2020-06-25y4ZPréstamo en sala c21349d21349